| 000 | 00657nam a2200217 a 4500 | ||
|---|---|---|---|
| 001 | 4953 | ||
| 003 | CDMR | ||
| 005 | 20260515062531.0 | ||
| 008 | 130130s1986||||||||||||||||||||||||||||d | ||
| 020 | _a8476090927 | ||
| 040 |
_aCDMR _bcat _cCDMR |
||
| 100 | 1 |
_aHuertas, Josep Maria _d1939-2007 _928 |
|
| 245 | 0 |
_aJosep Maria Huertas Claveria, Jaume Fabre _b: conversa _ctranscrita per Xavier Febrés |
|
| 260 |
_aBarcelona _c1986 _bLaia |
||
| 300 |
_a110 p ; _c18 cm |
||
| 490 | 0 |
_aDiàlegs a Barcelona _v12 |
|
| 650 | 0 | 4 |
_aPeriodistes catalans _vIntervius _93133 |
| 700 | 1 |
_aFebrés, Xavier _etranscrip. _91324 |
|
| 700 | 1 |
_aFabre, Jaume _9229 |
|
| 942 |
_cMON _2udc |
||
| 999 |
_c4953 _d4953 |
||